| 000 | 00593nam a22001697a 4500 | ||
|---|---|---|---|
| 999 |
_c65161 _d65161 |
||
| 005 | 20190118142535.0 | ||
| 020 |
_c150.00 _a8187364203 |
||
| 035 | _aB-207533, B-207535 | ||
| 037 |
_b _adpl |
||
| 082 | _a363.25 | ||
| 100 | _aअखिलेश, एस. | ||
| 245 | 1 |
_aअन्वेषण कोर्स / _cएस.अखिलेश |
|
| 260 |
_aरीवा _bगायत्री पब्लिकेशन्स _c2005-06 |
||
| 270 |
_a _b _e _k |
||
| 300 |
_a136पृ. _c22सेमी (सजिल्द) |
||
| 942 |
_adpl _cHN _k _2ddc _h363.25 _mअखिले |
||